000 00842nam a2200265Ia 4500
003 OSt
005 20220918222520.0
006 a|||||r|||| 00| 0
007 ta
008 220917b |||||||| |||| 00| 0 eng d
024 _a217,181
037 _cTextual
040 _aARTS
_cARTS
_beng
041 _2eng
_aeng
082 _aV58.N21<-N14, N7
100 _aActon Edward Ed.
_9143381
245 0 _aCritical companion to the russian revolution 1914-1921
260 _aLondon
_bArnold a member of the Hodder Headline group
_c1997
300 _axvi, 782p
_ccm.
650 _aHISTORY
700 _a Cherniaev Vladimir Iu Ed.
_9143382
700 _a Rosenberg William G Ed.
_9143383
942 _hV58.N21<-N14, N7
_cTEXL
_2CC
999 _c275781
_d275781